[Event "Santa Maria op 3rd"]
[Site "Santa Maria de Jetiba"]
[Date "2023.04.22"]
[Round "5"]
[White "Da Silva, Luiz Carlos Konflan"]
[Black "Gusmao, Pablo da Silva"]
[Result "0-1"]
[WhiteElo "1693"]
[BlackElo "1580"]
[PlyCount "44"]
[EventDate "2023.04.21"]
[EventType "swiss"]
[EventRounds "7"]
[EventCountry "BRA"]
[SourceTitle "EXT 2024"]
[Source "ChessBase"]
[SourceDate "2023.10.10"]
[SourceVersion "1"]
[SourceVersionDate "2023.10.10"]
[SourceQuality "1"]

1. e4 c5 2. Nf3 Nc6 3. d4 cxd4 4. Nxd4 e5 5. Nb5 d6 6. Be3 Be7 7. Bc4 Nf6 8. Nd2 Ng4 9. Qe2 0-0 10. f3 Nxe3 11. Qxe3 a6 12. Nc3 Nd4 13. 0-0-0 Be6 14. Bd5 Rc8 15. Nb3 Bg5 16. Nxd4 Bxe3+ 17. Kb1 exd4 18. Ne2 Qc7 19. c3 Bxd5 20. exd5 Qc4 21. Nxd4 Bxd4 22. Rxd4 Qb5 0-1

[Event "Porto Alegre IRT U2200 2nd"]
[Site "Porto Alegre"]
[Date "2016.09.03"]
[Round "2.6"]
[White "Gusmao, Pablo da Silva"]
[Black "Pedroso, Denian"]
[Result "0-1"]
[WhiteElo "1754"]
[BlackElo "1811"]
[PlyCount "60"]
[EventDate "2016.09.03"]
[EventType "swiss"]
[EventRounds "5"]
[EventCountry "BRA"]
[SourceTitle "EXT 2022"]
[Source "ChessBase"]
[SourceDate "2021.10.06"]
[SourceVersion "1"]
[SourceVersionDate "2021.10.06"]
[SourceQuality "1"]

1. e4 c5 2. d4 cxd4 3. c3 dxc3 4. Nxc3 e6 5. Nf3 Nc6 6. Bc4 Bb4 7. Bd2 Nge7 8. 0-0 0-0 9. Qe2 d5 10. exd5 exd5 11. Bb3 Bg4 12. Qd3 Bf5 13. Qe2 d4 14. Nb5 d3 15. Qe1 Bxd2 16. Qxd2 a6 17. Nc3 Nd4 18. Nxd4 Qxd4 19. Ne2 Qd6 20. Nc1 Nc6 21. Rd1 Rad8 22. a4 Nd4 23. Bc4 Qg6 24. Kh1 Bg4 25. Bxd3 Qf6 26. Rf1 Nf3 27. Qc2 Qh4 28. h3 Bxh3 29. gxf3 Bg4+ 30. Kg1 Bxf3 0-1

[Event "Porto Alegre IRT U2200 1st"]
[Site "Porto Alegre"]
[Date "2016.04.09"]
[Round "1.15"]
[White "Gusmao, Pablo da Silva"]
[Black "Pereira, Armando Scharlau"]
[Result "0-1"]
[WhiteElo "1754"]
[BlackElo "1729"]
[PlyCount "36"]
[EventDate "2016.04.09"]
[EventType "swiss"]
[EventRounds "5"]
[EventCountry "BRA"]
[SourceTitle "EXT 2022"]
[Source "ChessBase"]
[SourceDate "2021.10.06"]
[SourceVersion "1"]
[SourceVersionDate "2021.10.06"]
[SourceQuality "1"]

1. e4 e6 2. d4 d5 3. Nc3 Nf6 4. Bg5 Be7 5. e5 Nfd7 6. Bxe7 Qxe7 7. f4 Nc6 8. Nf3 b6 9. Qd2 Bb7 10. Be2 0-0-0 11. 0-0-0 Kb8 12. g4 g6 13. f5 gxf5 14. gxf5 exf5 15. Nxd5 Qe6 16. Bc4 Na5 17. Qd3 Nxc4 18. Qxc4 Qxd5 0-1